000 00891nam a22002177a 4500
005 20241206114803.0
008 241206b mx ||||| |||| 00| 0 spa d
020 _a9681648048
050 0 0 _aHF3236
_bI23 1998
100 1 _aIbarra Bellon, Araceli
245 1 3 _aEl comercio y el poder en México 1821-1864 :
_bLa lucha por las fuentes financieras entre estado central y las regiones /
_cAraceli Ibarra Bellon.
250 _a1a ed.
260 _aMéxico :
_bFondo de Cultura Económica ;
_aGuadalajara, Jal. :
_bUniversidad de Gudalajara,
_c1998.
300 _a622 p. ;
_c23 cm.
490 0 _aSección de obras de historia
651 7 _2lemb
_aMéxico
_xPolítica comercial
651 7 _2lemb
_aMéxico
_xComercio
651 7 _2lemb
_aMéxico
_xRelaciones económicas extranjeras
651 7 _2lemb
_aMéxico
_xHistoria
_yFederalismo y centralismo,
_y1824-1853
942 _2lcc
_cLIB
999 _c67100
_d67100